01103nam a2200301 a 450000100060000000300080000600500170001400800410003102000150007203500190008704000230010604100080012908200260013710000380016324501180020125000120031926000460033130000340037750000210041165000330043265000310046570000460049670000330054270000340057594200120060999900170062195201630063861767BD-RjUL20211209081011.0170121s1995 ii a 001 0 eng  a8120311388 a(BD-RjUL)61891 aDLCcDLCdDLCbeng aeng00223a658.503bNAP 19971 aNarasimhan, Seetharama L.918390810aProduction planning and inventory control /c Setharama L Narasimhan, Dennis W. McLeavey and Peter J. Billington a2nd ed. aNew Delhi :bPrentice-Hall,cc1995 [1997] axix, 716 p. :bill. ;c23 cm. aIncludes index. 0aProduction planning.9180899 0aInventory control.91833971 aNarasimhan, Seetharama L.,d1936-91839091 a McLeavey, Dennis W.91839101 aBillington, Peter J. 9183911 2ddccBK c61767d61767 00102ddc40718NFICaRUCLbRUCLcReadingd2006-06-21eDhaka, Paragon Enterprises Ltd.g315.00l0o658.503 NAP 1997r2017-01-21 00:00:00tC-1w2021-12-09yBK